00363nam a2200133Ia 4500008004100000020001500041041001200056082001100068100001400079245007200093260004000165300000800205650001600213221030s9999 xx 000 0 und d a8170088046 aEnglish a105.23 aT. Gugoiu 0aHTML, XHTML CSS & XML by Example - A Practical Guidecby T. Gugoiu bFirewall Media PubaNew Delhic2007 a355 aBE Computer